| 000 | 01029cam a2200313 i 4500 | ||
|---|---|---|---|
| 999 |
_c151146 _d27980 |
||
| 001 | 151146 | ||
| 003 | TR-AnTOB | ||
| 005 | 20240104111004.0 | ||
| 007 | ta | ||
| 008 | 090121s1958 tu d 000 0 tur d | ||
| 040 |
_aTR-AnTOB _beng _erda _cTR-AnTOB |
||
| 041 | _aeng | ||
| 050 | _aHD9490.T92 | ||
| 090 | _aHD9490.T92 | ||
| 099 | _aTOBB VEG 1958 | ||
| 110 | 2 |
_aTürkiye Ticaret Odaları, Sanayi Odaları ve Ticaret Borsaları Birliği _965593 |
|
| 245 | 4 |
_aThe vegetable oil industry in Turkey / _cUnion of Chambers of Commerce Industry and Commodity Exchanges of Turkey. |
|
| 264 | 1 |
_aAnkara : _bTürkiye Ticaret Odaları, Sanayi Odaları ve Ticaret Borsaları Birliği, _c1958. |
|
| 300 |
_a38 pages : _btables ; _c24 cm |
||
| 336 |
_atext _btxt _2rdacontent |
||
| 337 |
_aunmediated _bn _2rdamedia |
||
| 338 |
_avolume _bnc _2rdacarrier |
||
| 650 | 0 |
_aVegetable oil industry _zTurkey _965910 |
|
| 902 | _aTA01123 (013371) | ||
| 903 | _aTOBB Yayınları Arşivi | ||
| 942 |
_2lcc _cBK |
||
| 945 | _aAY | ||